[Event "HSG Open 2018"]
[Site "Hilversum"]
[Date "2018.06.24"]
[Round "5.12"]
[White "Afek, Yochanan"]
[Black "Schulze, Lara"]
[Result "0-1"]
[BlackElo "2171"]
[WhiteElo "2259"]
[LiveChessVersion "1.4.8"]

1. e4 {[%clk 1:49:48]} c5 {[%clk 1:50:18]} 2. Nf3 {[%clk 1:49:46]} d6
{[%clk 1:50:23]} 3. d4 {[%clk 1:49:42]} cxd4 {[%clk 1:50:29]} 4. Nxd4
{[%clk 1:49:49]} Nf6 {[%clk 1:50:29]} 5. Nc3 {[%clk 1:49:57]} Nc6
{[%clk 1:50:32]} 6. Bc4 {[%clk 1:49:45]} e6 {[%clk 1:50:35]} 7. Bb3
{[%clk 1:48:54]} Be7 {[%clk 1:50:27]} 8. Be3 {[%clk 1:48:48]} a6 {[%clk 1:48:53]}
9. Qe2 {[%clk 1:48:22]} O-O {[%clk 1:46:32]} 10. O-O-O {[%clk 1:48:15]} Nxd4
{[%clk 1:46:35]} 11. Bxd4 {[%clk 1:48:00]} b5 {[%clk 1:46:29]} 12. e5
{[%clk 1:38:08]} dxe5 {[%clk 1:46:17]} 13. Bxe5 {[%clk 1:38:14]} Qb6
{[%clk 1:46:08]} 14. g4 {[%clk 1:35:03]} Nd7 {[%clk 1:38:23]} 15. Bd4
{[%clk 1:34:14]} Bc5 {[%clk 1:36:54]} 16. Bxc5 {[%clk 1:21:04]} Nxc5
{[%clk 1:36:47]} 17. Rd2 {[%clk 1:20:52]} Bb7 {[%clk 1:24:41]} 18. Rhd1
{[%clk 1:20:57]} Bc6 {[%clk 1:15:58]} 19. Rd6 {[%clk 0:57:03]} a5
{[%clk 1:00:29]} 20. a4 {[%clk 0:55:27]} b4 {[%clk 0:57:22]} 21. Nb5
{[%clk 0:33:40]} Nxb3+ {[%clk 0:47:26]} 22. cxb3 {[%clk 0:33:48]} Qb7
{[%clk 0:46:27]} 23. R1d4 {[%clk 0:28:40]} Rfe8 {[%clk 0:28:50]} 24. f4
{[%clk 0:27:41]} Bf3 {[%clk 0:27:10]} 25. Qd2 {[%clk 0:23:27]} Bxg4
{[%clk 0:26:34]} 26. Kb1 {[%clk 0:23:00]} Bf5+ {[%clk 0:17:42]} 27. Ka2
{[%clk 0:23:09]} Qh1 {[%clk 0:17:13]} 28. Qd1 {[%clk 0:23:15]} Qxd1
{[%clk 0:16:30]} 29. Rxd1 {[%clk 0:23:23]} Rac8 {[%clk 0:15:33]} 30. Ra6
{[%clk 0:22:09]} g6 {[%clk 0:09:16]} 31. Rxa5 {[%clk 0:20:38]} Red8
{[%clk 0:08:36]} 32. Rd4 {[%clk 0:18:59]} Rxd4 {[%clk 0:07:03]} 33. Nxd4
{[%clk 0:19:08]} Bd3 {[%clk 0:07:00]} 34. Re5 {[%clk 0:10:18]} Rc1
{[%clk 0:06:26]} 35. Re3 {[%clk 0:08:52]} Rd1 {[%clk 0:05:57]} 36. Nf3
{[%clk 0:08:23]} Bb1+ {[%clk 0:05:13]} 37. Ka1 {[%clk 0:08:32]} Bf5+
{[%clk 0:04:39]} 38. Ka2 {[%clk 0:08:38]} Rf1 {[%clk 0:04:40]} 39. Ne5
{[%clk 0:04:29]} Bb1+ {[%clk 0:03:46]} 40. Ka1 {[%clk 0:04:39]} Be4+
{[%clk 0:03:31]} 41. Ka2 {[%clk 0:04:48]} Rxf4 {[%clk 0:03:40]} 42. Nd3
{[%clk 0:04:13]} Bxd3 {[%clk 0:03:04]} 43. Rxd3 {[%clk 0:04:23]} Rh4
{[%clk 0:01:43]} 44. h3 {[%clk 0:03:09]} Kg7 {[%clk 0:00:59]} 45. Kb1 Kf6
{[%clk 0:00:47]} 46. Kc2 {[%clk 0:03:05]} Rh5 {[%clk 0:00:23]} 47. Rd4
{[%clk 0:03:06]} Rxh3 {[%clk 0:00:31]} 48. Rxb4 {[%clk 0:03:16]} h5
{[%clk 0:00:14]} 49. a5 {[%clk 0:03:23]} Rh2+ {[%clk 0:00:16]} 50. Kc3
{[%clk 0:03:27]} Rh1 {[%clk 0:00:23]} 51. Ra4 {[%clk 0:03:28]} Rc1+ 52. Kd3
{[%clk 0:03:26]} g5 {[%clk 0:00:24]} 53. a6 Rc8 54. a7 {[%clk 0:03:40]} Ra8 55.
b4 h4 {[%clk 0:00:52]} 56. Ke3 {[%clk 0:03:56]} Ke5 {[%clk 0:00:55]} 57. b5
{[%clk 0:04:05]} Kd6 {[%clk 0:00:51]} 58. Kd4 {[%clk 0:03:09]} h3
{[%clk 0:00:48]} 59. Ra6+ {[%clk 0:03:12]} Kc7 {[%clk 0:00:53]} 60. Kc5
{[%clk 0:02:12]} Kb7 {[%clk 0:00:44]} 61. Ra3 {[%clk 0:01:39]} g4 62. Rd3
{[%clk 0:01:36]} Rc8+ {[%clk 0:00:43]} 63. Kb4 {[%clk 0:01:41]} Kxa7
{[%clk 0:00:34]} 0-1

[Event "HSG Open 2018"]
[Site "Hilversum"]
[Date "2018.06.24"]
[Round "6.1"]
[White "Nijboer, Friso"]
[Black "Van Foreest, Jorden"]
[Result "0-1"]
[BlackElo "2641"]
[WhiteElo "2492"]
[LiveChessVersion "1.4.8"]

1. e4 {[%clk 1:48:21]} c6 {[%clk 1:50:15]} 2. d4 {[%clk 1:48:22]} d5
{[%clk 1:50:17]} 3. e5 {[%clk 1:48:30]} c5 {[%clk 1:50:21]} 4. Nf3
{[%clk 1:48:33]} cxd4 {[%clk 1:50:21]} 5. Nxd4 {[%clk 1:46:23]} e6
{[%clk 1:50:24]} 6. c4 {[%clk 1:45:44]} Bc5 {[%clk 1:50:27]} 7. Nb3
{[%clk 1:38:39]} Bb6 {[%clk 1:48:42]} 8. Nc3 {[%clk 1:37:05]} Ne7
{[%clk 1:48:37]} 9. Bg5 {[%clk 1:17:44]} Nbc6 {[%clk 1:46:17]} 10. cxd5
{[%clk 1:03:04]} exd5 {[%clk 1:46:05]} 11. Bxe7 {[%clk 1:03:05]} Qxe7
{[%clk 1:40:34]} 12. Nxd5 {[%clk 1:03:05]} Qxe5+ {[%clk 1:40:34]} 13. Qe2
{[%clk 1:03:13]} O-O {[%clk 1:33:12]} 14. Qxe5 {[%clk 1:02:57]} Nxe5
{[%clk 1:33:16]} 15. Be2 {[%clk 0:59:57]} Be6 {[%clk 1:32:51]} 16. Nxb6
{[%clk 1:00:01]} axb6 {[%clk 1:32:57]} 17. O-O {[%clk 1:00:07]} Rfd8
{[%clk 1:31:47]} 18. f4 {[%clk 0:43:47]} Nd3 {[%clk 1:27:45]} 19. Bxd3
{[%clk 0:34:31]} Rxd3 {[%clk 1:27:47]} 20. Rad1 {[%clk 0:34:33]} Rxd1
{[%clk 1:22:08]} 21. Rxd1 {[%clk 0:34:38]} g6 {[%clk 1:19:37]} 22. Nd4
{[%clk 0:31:23]} Bg4 {[%clk 1:19:13]} 23. Rd2 {[%clk 0:26:44]} Rxa2
{[%clk 1:19:17]} 24. h3 {[%clk 0:24:31]} Bd7 {[%clk 1:19:08]} 25. g4
{[%clk 0:24:27]} Kf8 {[%clk 1:14:39]} 26. Kf2 {[%clk 0:24:04]} Ke7
{[%clk 1:14:39]} 27. Nf3 {[%clk 0:20:57]} f6 {[%clk 1:12:00]} 28. g5
{[%clk 0:16:52]} fxg5 {[%clk 1:08:26]} 29. Nxg5 {[%clk 0:14:18]} h6
{[%clk 1:07:33]} 30. Re2+ {[%clk 0:14:19]} Kf8 {[%clk 1:07:34]} 31. Ne6+
{[%clk 0:14:24]} Kf7 {[%clk 1:03:36]} 32. Nd8+ {[%clk 0:12:17]} Kf6
{[%clk 1:03:39]} 33. Nxb7 {[%clk 0:12:24]} Ra4 {[%clk 1:03:16]} 34. Ke3
{[%clk 0:12:27]} Rb4 {[%clk 0:57:59]} 35. Nd6 {[%clk 0:09:59]} Bxh3
{[%clk 0:57:01]} 36. Rc2 {[%clk 0:09:45]} Ke6 {[%clk 0:54:35]} 37. Nc4
{[%clk 0:04:52]} Kd5 {[%clk 0:54:13]} 38. Ne5 {[%clk 0:04:34]} Rb3+
{[%clk 0:52:39]} 39. Rc3 {[%clk 0:03:42]} Rxc3+ {[%clk 0:51:20]} 40. bxc3
{[%clk 0:03:50]} Bf5 {[%clk 0:51:10]} 41. Kf3 {[%clk 0:03:39]} b5
{[%clk 0:48:02]} 42. Ke3 {[%clk 0:02:22]} h5 {[%clk 0:47:55]} 43. Nf3
{[%clk 0:02:18]} Kc4 {[%clk 0:46:52]} 44. Kd2 {[%clk 0:02:20]} Be4
{[%clk 0:46:58]} 45. Ng5 {[%clk 0:01:17]} Bd5 {[%clk 0:46:17]} 0-1

[Event "HSG Open 2018"]
[Site "Hilversum"]
[Date "2018.06.24"]
[Round "6.2"]
[White "Beerdsen, Thomas"]
[Black "Warmerdam, Max"]
[Result "1/2-1/2"]
[BlackElo "2370"]
[WhiteElo "2454"]
[LiveChessVersion "1.4.8"]

1. e4 {[%clk 1:48:04]} c5 {[%clk 1:50:16]} 2. Nf3 {[%clk 1:48:08]} e6
{[%clk 1:50:22]} 3. d4 {[%clk 1:46:56]} cxd4 {[%clk 1:50:27]} 4. Nxd4
{[%clk 1:47:02]} a6 {[%clk 1:50:32]} 5. Nc3 {[%clk 1:47:01]} b5 {[%clk 1:50:37]}
6. Bd3 {[%clk 1:45:29]} Qb6 {[%clk 1:50:43]} 7. Nf3 {[%clk 1:44:59]} Qc7
{[%clk 1:50:49]} 8. O-O {[%clk 1:44:57]} Bb7 {[%clk 1:50:56]} 9. Re1
{[%clk 1:43:59]} Be7 {[%clk 1:51:01]} 10. e5 {[%clk 1:42:37]} f5 {[%clk 1:50:53]}
11. exf6 {[%clk 1:41:20]} Nxf6 {[%clk 1:49:04]} 12. Bg5 {[%clk 1:38:49]} O-O
{[%clk 1:31:51]} 13. Ne4 {[%clk 1:28:03]} Nc6 {[%clk 1:19:39]} 14. Qd2
{[%clk 1:26:51]} Nd5 {[%clk 1:14:38]} 15. Bxe7 {[%clk 1:20:42]} Ncxe7
{[%clk 1:11:05]} 16. a4 {[%clk 1:20:20]} b4 {[%clk 1:06:53]} 17. Nd4
{[%clk 1:19:45]} Ng6 {[%clk 0:59:03]} 18. Rad1 {[%clk 1:18:15]} Ndf4
{[%clk 0:37:18]} 19. Bf1 {[%clk 1:09:31]} Nh4 {[%clk 0:10:02]} 20. Qxb4
{[%clk 1:03:35]} e5 {[%clk 0:09:41]} 21. Qd6 {[%clk 1:00:41]} Qxd6
{[%clk 0:09:13]} 22. Nxd6 {[%clk 1:00:46]} Bxg2 {[%clk 0:09:18]} 23. Bxg2
{[%clk 1:00:43]} exd4 {[%clk 0:09:09]} 24. Bxa8 {[%clk 0:59:49]} Nh3+
{[%clk 0:09:15]} 25. Kh1 {[%clk 0:59:55]} Nxf2+ {[%clk 0:09:21]} 26. Kg1
{[%clk 1:00:01]} Nh3+ {[%clk 0:09:27]} 27. Kh1 {[%clk 1:00:07]} Nf2+
{[%clk 0:09:26]} 1/2-1/2

[Event "HSG Open 2018"]
[Site "Hilversum"]
[Date "2018.06.24"]
[Round "6.3"]
[White "Guliyev, Namig"]
[Black "De Rover, Yong Hoon"]
[Result "1/2-1/2"]
[BlackElo "2415"]
[WhiteElo "2547"]
[LiveChessVersion "1.4.8"]

1. e4 {[%clk 1:46:21]} c5 {[%clk 1:49:46]} 2. Nf3 {[%clk 1:46:17]} d6
{[%clk 1:49:36]} 3. d4 {[%clk 1:46:23]} cxd4 {[%clk 1:49:30]} 4. Nxd4
{[%clk 1:46:29]} Nf6 {[%clk 1:49:23]} 5. Nc3 {[%clk 1:46:34]} g6 {[%clk 1:49:17]}
6. Be2 {[%clk 1:45:09]} Nc6 {[%clk 1:48:15]} 7. Nb3 {[%clk 1:45:14]} Bg7
{[%clk 1:41:34]} 8. O-O {[%clk 1:45:18]} O-O {[%clk 1:41:26]} 9. Re1
{[%clk 1:45:14]} a6 {[%clk 1:39:07]} 10. Bf1 {[%clk 1:43:08]} b5 {[%clk 1:38:15]}
11. Bg5 {[%clk 1:43:11]} Bb7 {[%clk 1:36:49]} 12. a4 {[%clk 1:42:57]} b4
{[%clk 1:35:29]} 13. Nd5 {[%clk 1:41:51]} Nd7 {[%clk 1:32:16]} 14. Rb1
{[%clk 1:35:22]} Re8 {[%clk 1:29:29]} 15. Qd2 {[%clk 1:35:05]} Nb6
{[%clk 1:27:35]} 16. a5 {[%clk 1:22:43]} Nxd5 {[%clk 1:20:05]} 17. exd5
{[%clk 1:22:43]} Nxa5 {[%clk 1:19:48]} 18. Qxb4 {[%clk 1:22:45]} Nxb3
{[%clk 1:19:41]} 19. Qxb3 {[%clk 1:22:53]} Qc7 {[%clk 1:18:47]} 20. c4
{[%clk 1:21:37]} Bc8 {[%clk 1:16:49]} 21. Bd3 {[%clk 1:20:10]} a5
{[%clk 1:16:24]} 22. Qc2 {[%clk 1:19:17]} a4 {[%clk 1:10:49]} 23. h4
{[%clk 1:18:57]} e5 {[%clk 1:07:47]} 24. dxe6 {[%clk 1:15:02]} Bxe6
{[%clk 1:07:40]} 25. Ra1 {[%clk 1:13:56]} Reb8 {[%clk 1:02:27]} 26. Rxa4
{[%clk 1:13:17]} Rxa4 {[%clk 1:02:20]} 27. Qxa4 {[%clk 1:13:21]} Bxb2
{[%clk 1:02:18]} 28. Be3 {[%clk 1:10:15]} h5 {[%clk 0:59:28]} 29. Qc2
{[%clk 1:08:20]} Bg7 {[%clk 0:57:05]} 30. g3 {[%clk 1:07:46]} Rc8
{[%clk 0:52:50]} 31. Rc1 {[%clk 1:07:31]} Qd7 {[%clk 0:52:34]} 32. Qd2
{[%clk 1:07:01]} Qa4 {[%clk 0:51:01]} 33. Bf1 {[%clk 1:06:25]} Qd7
{[%clk 0:49:28]} 34. Bf4 {[%clk 1:06:04]} Rc6 {[%clk 0:48:35]} 35. Bg2
{[%clk 1:05:08]} Rxc4 {[%clk 0:48:32]} 36. Rxc4 {[%clk 1:05:14]} Bxc4
{[%clk 0:48:33]} 37. Qxd6 {[%clk 1:05:21]} Qxd6 {[%clk 0:48:00]} 1/2-1/2

[Event "HSG Open 2018"]
[Site "Hilversum"]
[Date "2018.06.24"]
[Round "6.4"]
[White "Wiersma, Eelke"]
[Black "Ten Hertog, Hugo"]
[Result "0-1"]
[BlackElo "2453"]
[WhiteElo "2344"]
[LiveChessVersion "1.4.8"]

1. e4 {[%clk 1:50:12]} g6 {[%clk 1:50:15]} 2. d4 {[%clk 1:50:12]} Bg7
{[%clk 1:50:22]} 3. Nc3 {[%clk 1:50:13]} d6 {[%clk 1:50:27]} 4. Be3
{[%clk 1:50:11]} a6 {[%clk 1:50:33]} 5. f4 {[%clk 1:50:07]} b5 {[%clk 1:50:38]}
6. Bd3 {[%clk 1:49:59]} Bb7 {[%clk 1:50:44]} 7. Nf3 {[%clk 1:49:57]} Nf6
{[%clk 1:50:49]} 8. e5 {[%clk 1:42:56]} Ng4 {[%clk 1:50:11]} 9. Qe2
{[%clk 1:38:42]} c5 {[%clk 1:50:15]} 10. dxc5 {[%clk 1:22:52]} dxe5
{[%clk 1:50:12]} 11. O-O {[%clk 1:22:18]} Nd7 {[%clk 1:42:15]} 12. Be4
{[%clk 1:16:08]} Bxe4 {[%clk 1:36:08]} 13. Nxe4 {[%clk 1:16:05]} Qc7
{[%clk 1:34:35]} 14. fxe5 {[%clk 1:08:56]} Nxe3 {[%clk 1:29:27]} 15. Qxe3
{[%clk 1:08:53]} Nxe5 {[%clk 1:29:21]} 16. Rae1 {[%clk 1:04:31]} O-O
{[%clk 1:28:56]} 17. b4 {[%clk 1:04:24]} a5 {[%clk 1:23:58]} 18. a3
{[%clk 0:59:51]} Nc4 {[%clk 1:23:55]} 19. Qf2 {[%clk 0:57:49]} h6
{[%clk 1:19:38]} 20. Nd4 {[%clk 0:56:44]} Nxa3 {[%clk 1:17:31]} 21. c3
{[%clk 0:54:14]} axb4 {[%clk 1:10:50]} 22. cxb4 {[%clk 0:54:11]} Bxd4
{[%clk 1:05:46]} 23. Qxd4 {[%clk 0:54:15]} Nc2 {[%clk 1:05:52]} 24. Qd2
{[%clk 0:54:20]} Nxe1 {[%clk 1:05:59]} 25. Qxh6 {[%clk 0:54:23]} Qe5
{[%clk 1:06:00]} 0-1

[Event "HSG Open 2018"]
[Site "Hilversum"]
[Date "2018.06.24"]
[Round "6.5"]
[White "Huesmann, Thomas"]
[Black "Zwirs, Nico"]
[Result "0-1"]
[BlackElo "2377"]
[WhiteElo "2170"]
[LiveChessVersion "1.4.8"]

1. e4 {[%clk 1:50:16]} c5 {[%clk 1:46:40]} 2. c3 {[%clk 1:49:43]} d5
{[%clk 1:46:04]} 3. exd5 {[%clk 1:49:46]} Qxd5 {[%clk 1:46:07]} 4. d4
{[%clk 1:49:44]} g6 {[%clk 1:45:57]} 5. Be3 {[%clk 1:46:00]} cxd4
{[%clk 1:45:42]} 6. Qxd4 {[%clk 1:45:26]} Nf6 {[%clk 1:45:21]} 7. Nf3
{[%clk 1:39:57]} Nc6 {[%clk 1:42:39]} 8. Qxd5 {[%clk 1:39:55]} Nxd5
{[%clk 1:42:44]} 9. Bb5 {[%clk 1:39:57]} Nxe3 {[%clk 1:41:51]} 10. fxe3
{[%clk 1:39:38]} Bd7 {[%clk 1:40:06]} 11. Nbd2 {[%clk 1:37:45]} a6
{[%clk 1:38:31]} 12. Ba4 {[%clk 1:35:48]} b5 {[%clk 1:34:46]} 13. Bb3
{[%clk 1:35:51]} Bg7 {[%clk 1:25:46]} 14. Ne4 {[%clk 1:33:11]} Na5
{[%clk 1:09:55]} 15. Nc5 {[%clk 1:25:02]} Bc6 {[%clk 1:09:55]} 16. O-O
{[%clk 1:23:56]} e6 {[%clk 0:54:59]} 17. Nd4 {[%clk 1:20:46]} Ke7
{[%clk 0:51:53]} 18. Rad1 {[%clk 1:17:42]} Be8 {[%clk 0:45:00]} 19. Rf2
{[%clk 1:03:48]} h5 {[%clk 0:39:10]} 20. Rfd2 {[%clk 1:00:54]} h4
{[%clk 0:38:53]} 21. Nf3 {[%clk 0:54:34]} Rh5 {[%clk 0:36:23]} 22. Nd3
{[%clk 0:54:22]} Rc8 {[%clk 0:29:23]} 23. Nb4 {[%clk 0:52:07]} Nxb3
{[%clk 0:27:18]} 24. axb3 {[%clk 0:52:04]} a5 {[%clk 0:27:27]} 25. Nd3
{[%clk 0:49:04]} b4 {[%clk 0:26:04]} 26. cxb4 {[%clk 0:42:41]} axb4
{[%clk 0:26:03]} 27. Rc1 {[%clk 0:41:41]} Rxc1+ {[%clk 0:25:25]} 28. Nxc1
{[%clk 0:41:44]} h3 {[%clk 0:24:36]} 29. g4 {[%clk 0:38:35]} Ra5 {[%clk 0:22:52]}
30. Nd3 {[%clk 0:38:06]} Bc6 {[%clk 0:16:06]} 31. Nd4 {[%clk 0:37:26]} Bg2
{[%clk 0:15:11]} 32. Nc2 {[%clk 0:32:44]} Rg5 {[%clk 0:14:12]} 33. Nce1
{[%clk 0:27:51]} Bd5 {[%clk 0:13:00]} 34. Nf2 {[%clk 0:27:24]} Bxb3
{[%clk 0:12:43]} 35. Nf3 {[%clk 0:24:15]} Rc5 {[%clk 0:12:47]} 36. Nxh3
{[%clk 0:23:52]} Rc1+ {[%clk 0:12:03]} 37. Kf2 {[%clk 0:23:35]} Bd5
{[%clk 0:11:31]} 38. Nf4 {[%clk 0:22:40]} Be4 {[%clk 0:10:04]} 39. Ne1
{[%clk 0:18:41]} Bf6 {[%clk 0:07:23]} 40. Nfd3 {[%clk 0:17:13]} Rb1
{[%clk 0:06:47]} 41. Ke2 {[%clk 0:16:36]} b3 {[%clk 0:05:12]} 42. Rd1
{[%clk 0:15:50]} Rxd1 {[%clk 0:05:15]} 43. Kxd1 {[%clk 0:15:54]} Kd6
{[%clk 0:05:11]} 44. Nf2 {[%clk 0:12:37]} Bc6 {[%clk 0:04:50]} 45. Ned3
{[%clk 0:12:12]} Bf3+ {[%clk 0:04:15]} 46. Kd2 {[%clk 0:12:11]} Kd5
{[%clk 0:04:15]} 47. Ne1 {[%clk 0:07:27]} Be4 {[%clk 0:04:24]} 48. Ned3
{[%clk 0:06:03]} Bxd3 {[%clk 0:02:44]} 49. Nxd3 {[%clk 0:06:07]} g5
{[%clk 0:02:51]} 50. Ke2 {[%clk 0:04:54]} Kc4 {[%clk 0:02:45]} 51. Kd2
{[%clk 0:04:42]} Bg7 {[%clk 0:02:31]} 52. Ke2 {[%clk 0:04:34]} f5
{[%clk 0:02:07]} 53. gxf5 {[%clk 0:04:21]} exf5 {[%clk 0:02:17]} 54. Kd2
{[%clk 0:04:14]} g4 {[%clk 0:02:15]} 55. Ke2 {[%clk 0:03:58]} Bf6
{[%clk 0:01:38]} 56. Kd2 {[%clk 0:03:43]} Be7 {[%clk 0:00:46]} 57. Ne5+
{[%clk 0:03:19]} Kd5 {[%clk 0:00:52]} 58. Ng6 {[%clk 0:02:07]} Bf6
{[%clk 0:00:34]} 59. Kd3 {[%clk 0:01:31]} Bxb2 {[%clk 0:00:37]} 60. Nf4+
{[%clk 0:01:38]} Ke5 {[%clk 0:00:26]} 61. Kc4 {[%clk 0:01:41]} Ke4
{[%clk 0:00:31]} 62. Kxb3 {[%clk 0:01:40]} Be5 {[%clk 0:00:39]} 63. Ng2
{[%clk 0:01:10]} Bxh2 {[%clk 0:00:48]} 64. Kc2 {[%clk 0:01:20]} Bg3
{[%clk 0:00:54]} 65. Kd2 {[%clk 0:01:27]} Kf3 {[%clk 0:01:02]} 0-1

[Event "HSG Open 2018"]
[Site "Hilversum"]
[Date "2018.06.24"]
[Round "6.6"]
[White "Arnaudov, G. Petar"]
[Black "Elgersma, Onno"]
[Result "1-0"]
[BlackElo "2113"]
[WhiteElo "2445"]
[LiveChessVersion "1.4.8"]

1. Nf3 {[%clk 1:50:00]} Nf6 {[%clk 1:49:56]} 2. c4 {[%clk 1:50:01]} e6
{[%clk 1:49:25]} 3. g3 {[%clk 1:50:06]} d5 {[%clk 1:48:34]} 4. Bg2
{[%clk 1:50:10]} Be7 {[%clk 1:48:23]} 5. O-O {[%clk 1:50:13]} O-O
{[%clk 1:48:00]} 6. d4 {[%clk 1:50:18]} dxc4 {[%clk 1:47:30]} 7. Ne5
{[%clk 1:49:08]} Nc6 {[%clk 1:44:28]} 8. Nxc6 {[%clk 1:48:59]} bxc6
{[%clk 1:44:33]} 9. Na3 {[%clk 1:49:04]} Bxa3 {[%clk 1:43:22]} 10. bxa3
{[%clk 1:49:06]} Rb8 {[%clk 1:38:15]} 11. Qd2 {[%clk 1:48:44]} Ba6
{[%clk 1:32:36]} 12. a4 {[%clk 1:47:33]} Qc8 {[%clk 1:25:47]} 13. Ba3
{[%clk 1:41:19]} Re8 {[%clk 1:18:11]} 14. Bxc6 {[%clk 1:29:57]} Nd7
{[%clk 1:13:09]} 15. Rac1 {[%clk 1:26:29]} Rb6 {[%clk 1:00:47]} 16. Bg2
{[%clk 1:26:29]} c6 {[%clk 0:42:09]} 17. Qa5 {[%clk 1:20:59]} e5 {[%clk 0:35:57]}
18. dxe5 {[%clk 1:21:02]} Rxe5 {[%clk 0:35:37]} 19. Qd2 {[%clk 1:20:50]} c5
{[%clk 0:27:10]} 20. Bh3 {[%clk 1:17:38]} Re7 {[%clk 0:26:45]} 21. Rfd1
{[%clk 1:17:41]} Rb7 {[%clk 0:26:23]} 22. Qd6 {[%clk 1:17:16]} 1-0

[Event "HSG Open 2018"]
[Site "Hilversum"]
[Date "2018.06.24"]
[Round "6.7"]
[White "Petrisor, Adrian-Marian"]
[Black "Van Dael, Siem"]
[Result "1-0"]
[BlackElo "2213"]
[WhiteElo "2400"]
[LiveChessVersion "1.4.8"]

1. e4 {[%clk 1:42:00]} c5 {[%clk 1:50:15]} 2. Nf3 {[%clk 1:42:03]} d6
{[%clk 1:47:23]} 3. d4 {[%clk 1:42:06]} cxd4 {[%clk 1:47:30]} 4. Nxd4
{[%clk 1:42:06]} Nf6 {[%clk 1:47:37]} 5. Nc3 {[%clk 1:42:08]} g6 {[%clk 1:47:44]}
6. Bg5 {[%clk 1:41:50]} Bg7 {[%clk 1:47:36]} 7. Bb5+ {[%clk 1:41:52]} Nbd7
{[%clk 1:45:22]} 8. Qe2 {[%clk 1:40:54]} O-O {[%clk 1:44:46]} 9. O-O-O
{[%clk 1:40:59]} Ne5 {[%clk 1:40:08]} 10. h3 {[%clk 1:37:59]} Qc7
{[%clk 1:26:15]} 11. Bxf6 {[%clk 1:32:39]} exf6 {[%clk 1:25:46]} 12. Nd5
{[%clk 1:31:42]} Qa5 {[%clk 1:24:55]} 13. Nb3 {[%clk 1:25:55]} Qd8
{[%clk 1:23:34]} 14. f4 {[%clk 1:25:58]} Nc6 {[%clk 1:23:05]} 15. Kb1
{[%clk 1:21:37]} a6 {[%clk 1:20:47]} 16. Bd3 {[%clk 1:21:20]} Be6
{[%clk 1:20:27]} 17. f5 {[%clk 1:13:43]} Bxd5 {[%clk 1:16:58]} 18. exd5
{[%clk 1:13:47]} Re8 {[%clk 1:15:20]} 19. Qd2 {[%clk 1:04:08]} Ne5
{[%clk 1:12:33]} 20. h4 {[%clk 0:54:14]} Ng4 {[%clk 1:08:16]} 21. fxg6
{[%clk 0:51:53]} hxg6 {[%clk 1:06:17]} 22. h5 {[%clk 0:51:12]} f5
{[%clk 1:04:17]} 23. hxg6 {[%clk 0:50:00]} fxg6 {[%clk 1:00:28]} 24. c3
{[%clk 0:49:10]} Rc8 {[%clk 0:49:17]} 25. Rdf1 {[%clk 0:42:32]} Re5
{[%clk 0:41:57]} 26. Nd4 {[%clk 0:36:35]} Rxd5 {[%clk 0:34:32]} 27. Nxf5
{[%clk 0:33:36]} Rxf5 {[%clk 0:29:53]} 28. Bxf5 {[%clk 0:32:49]} gxf5
{[%clk 0:29:56]} 29. Qd5+ {[%clk 0:32:53]} Kf8 {[%clk 0:29:59]} 30. Qxf5+
{[%clk 0:32:39]} Nf6 {[%clk 0:29:49]} 31. g4 {[%clk 0:31:59]} Rc5
{[%clk 0:26:00]} 32. Qg6 {[%clk 0:30:46]} 1-0

[Event "HSG Open 2018"]
[Site "Hilversum"]
[Date "2018.06.24"]
[Round "6.8"]
[White "Schulze, Lara"]
[Black "Elgersma, Simon"]
[Result "1/2-1/2"]
[BlackElo "2260"]
[WhiteElo "2171"]
[LiveChessVersion "1.4.8"]

1. e4 {[%clk 1:50:18]} e6 {[%clk 1:50:05]} 2. d4 {[%clk 1:50:24]} d5
{[%clk 1:50:08]} 3. Bd3 {[%clk 1:50:30]} dxe4 {[%clk 1:50:11]} 4. Bxe4
{[%clk 1:50:35]} Nf6 {[%clk 1:50:16]} 5. Bf3 {[%clk 1:50:40]} c5 {[%clk 1:50:23]}
6. Ne2 {[%clk 1:50:43]} Nc6 {[%clk 1:50:28]} 7. Be3 {[%clk 1:50:48]} e5
{[%clk 1:49:49]} 8. Bxc6+ {[%clk 1:49:10]} bxc6 {[%clk 1:49:57]} 9. dxe5
{[%clk 1:49:12]} Qxd1+ {[%clk 1:49:55]} 10. Kxd1 {[%clk 1:49:20]} Ng4
{[%clk 1:49:40]} 11. Nd2 {[%clk 1:41:50]} Be6 {[%clk 1:34:25]} 12. Re1
{[%clk 1:33:57]} Nxe3+ {[%clk 1:19:17]} 13. fxe3 {[%clk 1:34:03]} O-O-O
{[%clk 1:18:23]} 14. Kc1 {[%clk 1:30:57]} g6 {[%clk 1:07:49]} 15. Nf4
{[%clk 1:24:41]} Bg7 {[%clk 0:54:40]} 16. Nxe6 {[%clk 1:15:50]} fxe6
{[%clk 0:54:36]} 17. Nf3 {[%clk 1:14:29]} c4 {[%clk 0:46:40]} 18. a4 Rd5
{[%clk 0:45:24]} 19. a5 {[%clk 0:52:26]} Rhd8 {[%clk 0:36:01]} 20. Ra4
{[%clk 0:50:16]} c3 {[%clk 0:33:15]} 21. bxc3 {[%clk 0:49:14]} Bxe5
{[%clk 0:32:38]} 22. c4 {[%clk 0:41:15]} Rc5 {[%clk 0:32:11]} 23. Nd4
{[%clk 0:33:25]} Bxd4 {[%clk 0:29:28]} 24. exd4 {[%clk 0:33:34]} Rxd4
{[%clk 0:29:36]} 25. Rxe6 {[%clk 0:33:29]} Kd7 {[%clk 0:29:27]} 26. Rf6
{[%clk 0:31:37]} Ke7 {[%clk 0:29:23]} 27. Rf3 {[%clk 0:31:36]} Rdxc4
{[%clk 0:26:38]} 28. Rxc4 {[%clk 0:31:02]} Rxc4 {[%clk 0:26:45]} 29. Rb3
{[%clk 0:30:44]} Rd4 {[%clk 0:25:46]} 30. Kb2 {[%clk 0:26:27]} c5
{[%clk 0:13:03]} 31. Rb5 {[%clk 0:23:59]} Kd6 {[%clk 0:11:53]} 32. Kb3
{[%clk 0:20:22]} Kc6 {[%clk 0:11:03]} 33. Rb8 {[%clk 0:20:29]} Rd2
{[%clk 0:08:45]} 34. Rc8+ {[%clk 0:18:51]} Kb7 {[%clk 0:07:42]} 35. Rg8
{[%clk 0:12:32]} Rd7 {[%clk 0:05:39]} 36. Kc4 {[%clk 0:10:28]} Ka6
{[%clk 0:03:30]} 37. Kxc5 {[%clk 0:09:56]} Rc7+ {[%clk 0:03:12]} 38. Kb4
{[%clk 0:08:41]} Rxc2 {[%clk 0:03:16]} 39. Rg7 {[%clk 0:08:47]} Rb2+
{[%clk 0:02:36]} 40. Kc4 {[%clk 0:07:42]} Rxg2 {[%clk 0:01:45]} 41. Rxh7
{[%clk 0:07:46]} Kxa5 {[%clk 0:01:25]} 42. Rxa7+ {[%clk 0:07:06]} Kb6
{[%clk 0:01:27]} 43. Rh7 {[%clk 0:06:36]} 1/2-1/2

[Event "HSG Open 2018"]
[Site "Hilversum"]
[Date "2018.06.24"]
[Round "6.9"]
[White "De Ruiter, Danny"]
[Black "Mulder, Bart-Piet"]
[Result "0-1"]
[BlackElo "2163"]
[WhiteElo "2303"]
[LiveChessVersion "1.4.8"]

1. d4 {[%clk 1:50:05]} d5 {[%clk 1:49:35]} 2. Nf3 {[%clk 1:50:07]} Nf6
{[%clk 1:49:41]} 3. g3 {[%clk 1:50:11]} b5 {[%clk 1:39:58]} 4. Nbd2
{[%clk 1:49:00]} Bb7 {[%clk 1:39:41]} 5. Nb3 {[%clk 1:47:47]} e6 {[%clk 1:39:09]}
6. Bg2 {[%clk 1:44:34]} a5 {[%clk 1:36:12]} 7. Ne5 {[%clk 1:41:17]} Nbd7
{[%clk 1:30:09]} 8. Nxd7 {[%clk 1:39:55]} Qxd7 {[%clk 1:29:42]} 9. Bd2
{[%clk 1:34:13]} a4 {[%clk 1:18:11]} 10. Nc1 {[%clk 1:33:05]} a3 {[%clk 1:11:52]}
11. b3 {[%clk 1:31:26]} c5 {[%clk 1:11:56]} 12. dxc5 {[%clk 1:26:15]} Bxc5
{[%clk 1:10:54]} 13. Nd3 {[%clk 1:26:18]} Bd6 {[%clk 1:08:53]} 14. O-O
{[%clk 1:19:40]} e5 {[%clk 1:00:18]} 15. Rc1 {[%clk 1:18:13]} O-O
{[%clk 0:51:25]} 16. Bb4 {[%clk 1:12:50]} Bxb4 {[%clk 0:44:43]} 17. Nxb4
{[%clk 1:12:44]} d4 {[%clk 0:42:44]} 18. Bxb7 {[%clk 1:09:44]} Qxb7
{[%clk 0:42:35]} 19. f3 {[%clk 1:09:45]} Qe7 {[%clk 0:39:44]} 20. Qd2
{[%clk 1:06:44]} Rac8 {[%clk 0:38:25]} 21. Nd3 {[%clk 1:01:47]} Nd5
{[%clk 0:32:11]} 22. f4 {[%clk 0:57:30]} Ne3 {[%clk 0:31:37]} 23. Nxe5
{[%clk 0:54:14]} Nxf1 {[%clk 0:31:40]} 24. Kxf1 {[%clk 0:54:04]} Rfd8
{[%clk 0:28:25]} 25. Qd3 {[%clk 0:53:12]} f6 {[%clk 0:27:30]} 26. Nf3
{[%clk 0:52:47]} Rc3 {[%clk 0:22:51]} 27. Qd2 {[%clk 0:51:14]} Qb7
{[%clk 0:16:27]} 28. Kg1 {[%clk 0:48:06]} Qe4 {[%clk 0:16:09]} 29. Kf2
{[%clk 0:46:34]} b4 {[%clk 0:15:42]} 30. Ne1 {[%clk 0:39:15]} Qh1
{[%clk 0:12:21]} 0-1